000 01949cam a2200397 i 4500
005 20260322212054.0
008 data
010 _a 2012046646
020 _a9781402281327
020 _a1402281323 (pbk.)
040 _aDLC
_beng
_cDLC
_erda
042 _apcc
043 _an-us---
050 0 0 _aHD62.5
_b.R66 2013
082 0 0 _a658.1/1
_223
092 _a658.1 Tho 2013
100 1 _aThompson, Matthew
_c(Business writer)
245 1 4 _aThe small business start-up guide :
_ba surefire blueprint to successfully launch your own business /
_cMatthew Thompson, Michael Giabrone & Hal Root.
250 _a5th edition.
260 _cc2013.
264 1 _aNaperville, Illinois :
_bSourcebooks,
_c[2013]
300 _aix, 256 pages ;
_c23 cm
336 _atext
_2rdacontent
337 _aunmediated
_2rdamedia
338 _avolume
_2rdacarrier
500 _aRevision of: The small business start-up guide / Hal Root and Steve Koenig.
500 _aIncludes index.
505 0 _aAre you really ready to start your own business? -- The nine great steps to start-up success -- Defining the business -- Your first business plan -- The seven main types of business entities-- The basics of forming each type of business entity --Franchising: the other alternative -- Money: the root of all business -- Getting social -- Taxes and insurance -- Regulations and licenses -- Planning for tomorrow -- Essential reading --State by state start-up information.
650 0 _aNew business enterprises
_zUnited States
_vHandbooks, manuals, etc.
700 1 _aGiabrone, Michael.
700 1 _aRoot, Hal,
_d1967-
_tSmall business start-up guide.
906 _a7
_bcbc
_corignew
_d1
_eecip
_f20
_gy-gencatlg
925 0 _aacquire
_b2 shelf copies
_xpolicy default
955 _wrd05 2013-02-02
_fxk02 2014-05-19 to BCCD (telework)
001 data
999 _c1296
_d1296